| 000 -LEADER |
| fixed length control field |
00623nam a22001577a 4500 |
| 005 - DATE AND TIME OF LATEST TRANSACTION |
| control field |
20220324113024.0 |
| 008 - FIXED-LENGTH DATA ELEMENTS--GENERAL INFORMATION |
| fixed length control field |
191127s2019 ge ||||| |||| 00| 0 geo d |
| 020 ## - INTERNATIONAL STANDARD BOOK NUMBER |
| Qualifying information |
24492418 |
| 050 ## - LIBRARY OF CONGRESS CALL NUMBER |
| Classification number |
geo |
| 245 ## - TITLE STATEMENT |
| Title |
ინოვაციური ეკონომიკა და მართვა = INNOVATIVE ECONOMICS AND MANAGMENT / |
| Statement of responsibility, etc. |
მთ.რედ.ბადრი გეჩბაია. |
| 260 ## - PUBLICATION, DISTRIBUTION, ETC. |
| Place of publication, distribution, etc. |
ბათუმი, |
| Date of publication, distribution, etc. |
2019. |
| 300 ## - PHYSICAL DESCRIPTION |
| Extent |
V. |
| 653 ## - INDEX TERM--UNCONTROLLED |
| Uncontrolled term |
ეკონომიკა |
| 700 ## - ADDED ENTRY--PERSONAL NAME |
| Personal name |
ბადრი, გეჩბაია |
| Relator term |
მთავარი რედაქტორი |
| 9 (RLIN) |
5507 |
| 942 ## - ADDED ENTRY ELEMENTS (KOHA) |
| Source of classification or shelving scheme |
|
| Koha item type |
პერიოდიკა |